Kuasa karisma : (Record no. 638)
[ view plain ]
| 000 -LEADER | |
|---|---|
| fixed length control field | nam a22 a 4500 |
| 003 - CONTROL NUMBER IDENTIFIER | |
| control field | AKMAL |
| 005 - DATE AND TIME OF LATEST TRANSACTION | |
| control field | 20170504140920.0 |
| 008 - FIXED-LENGTH DATA ELEMENTS--GENERAL INFORMATION | |
| fixed length control field | 170504s2004 my a e 000 0 may d |
| 020 ## - INTERNATIONAL STANDARD BOOK NUMBER | |
| International Standard Book Number | 983192830X (kkt.) : |
| Terms of availability | RM26.00 |
| 040 ## - CATALOGING SOURCE | |
| Original cataloging agency | AKMAL |
| 082 04 - DEWEY DECIMAL CLASSIFICATION NUMBER | |
| Classification number | 158.1 AHM |
| 090 00 - LOCALLY ASSIGNED LC-TYPE CALL NUMBER (OCLC); LOCAL CALL NUMBER (RLIN) | |
| Classification number (OCLC) (R) ; Classification number, CALL (RLIN) (NR) | 158.1 |
| Local cutter number (OCLC) ; Book number/undivided call number, CALL (RLIN) | AHM |
| 100 0# - MAIN ENTRY--PERSONAL NAME | |
| Personal name | Ahmad Naim Jaafar |
| 9 (RLIN) | 1291 |
| 245 10 - TITLE STATEMENT | |
| Title | Kuasa karisma : |
| Remainder of title | teknik membina ketokohan dan keterampilan diri / |
| Statement of responsibility, etc. | Ahmad Naim Jaafar |
| 260 ## - PUBLICATION, DISTRIBUTION, ETC. | |
| Place of publication, distribution, etc. | Bentong, Pahang : |
| Name of publisher, distributor, etc. | PTS Publications & Distributors, |
| Date of publication, distribution, etc. | 2004 |
| 300 ## - PHYSICAL DESCRIPTION | |
| Extent | x, 258p. : |
| Other physical details | il. ; |
| Dimensions | 23cm. |
| 500 ## - GENERAL NOTE | |
| General note | “Kuasa karisma ditulis menggunakan cerita-cerita pendek bagi menerangkan prinsip-prinsip kembina karisma. Ia membincangkan teknik-teknik mudah bagaimana ingin membina peribadi berkarisma” – Kulit depan |
| 650 10 - SUBJECT ADDED ENTRY--TOPICAL TERM | |
| Topical term or geographic name entry element | Charisma (Personality trait) |
| 9 (RLIN) | 1272 |
| 650 20 - SUBJECT ADDED ENTRY--TOPICAL TERM | |
| Topical term or geographic name entry element | Personality development |
| 9 (RLIN) | 1209 |
| 650 20 - SUBJECT ADDED ENTRY--TOPICAL TERM | |
| Topical term or geographic name entry element | Personality and motivation |
| 9 (RLIN) | 1290 |
| 942 ## - ADDED ENTRY ELEMENTS (KOHA) | |
| Source of classification or shelving scheme | |
| Koha item type | Book |
| Withdrawn status | Lost status | Source of classification or shelving scheme | Damaged status | Not for loan | Collection code | Home library | Current library | Shelving location | Date acquired | Inventory number | Total Checkouts | Full call number | Barcode | Date last seen | Date last checked out | Price effective from | Koha item type |
|---|---|---|---|---|---|---|---|---|---|---|---|---|---|---|---|---|---|
| NON-FICTION | AKMAL Melaka | AKMAL Melaka | PINJAMAN | 04.05.2017 | 100430 | 1 | 158.1 AHM | 201701544 | 07.10.2017 | 02.10.2017 | 04.05.2017 | Book |
